Casework in probation.

محفوظ في:
التفاصيل البيبلوغرافية
المؤلف الرئيسي: Monger, Mark
التنسيق: كتاب
اللغة:English
منشور في: London, Butterworths, 1972.
الطبعة:2nd ed.
الموضوعات:
LEADER 00961nam a2200289 4500
001 c000326210
003 CARM
005 00000000000000.0
008 721018s1972 enk b 00100 eng
015 |a B72-13830 
019 1 |a 23864455  |z 624279  |5 LACONCORD2021 
020 |a 0406300216 
035 |a (OCoLC)488949  |5 LACONCORD2021 
043 |a e-uk--- 
050 0 0 |a HV9278  |b .M58 1972 
082 0 0 |a 364.6/3 
100 1 |a Monger, Mark. 
245 1 0 |a Casework in probation. 
250 |a 2nd ed. 
260 |a London,  |b Butterworths,  |c 1972. 
300 |a xi, 233 p.  |c 22 cm. 
504 |a Includes bibliographical references. 
650 0 |a Probation  |z Great Britain. 
650 0 |a Social work with criminals  |z Great Britain. 
852 8 |b CARM  |h A1:AM30G0  |i B09734  |p 0440645  |f BK 
999 f f |i 53e81ea0-f7a4-5f3e-9188-25b95b98662b  |s e661b58a-27e3-5acd-87ac-396536b64adf 
952 f f |p Can circulate  |a CAVAL  |b CAVAL  |c CAVAL  |d CARM 1 Store  |e B09734  |f A1:AM30G0  |h Other scheme  |i book  |m 0440645